000 00494nam a22001817a 4500
008 170330b xxu||||| |||| 00| p tur d
020 _a9750807022
041 _atur
050 _aPL248
100 _aBeyatlı, Yahya Kemal
_9692
245 _aEski Şiirin Rüzgarıyle
250 _a1. Baskı
260 _aİstanbul
_bYapı Kredi Yayınları
_cAralık 2003
300 _a85 sayfa
500 _aYapı Kredi Yayınları 1946; Şiir 177
650 0 _9145
_aTürk Edebiyatı
942 _2lcc
_cBK
999 _c1078
_d1056